Guess the anime from a bad description - Statistics

General Stats
  • This quiz has been taken 171 times
  • The average score is 9 of 25
Answer Stats
Description Anime % Correct
Ninjas can wear bright clothing Naruto
90%
Been looking for one thing for over 900 episodes and doesnt seem like its stopping anytime soon. One piece
80%
Gay skating Yuri on ice
77%
A teengae scientist tries to make the world go back to modern day after being trapped in stone for over a billion years Dr. Stone/doctor stone
72%
Gay swimming Free
70%
Basically only has filler episodes Bleach
56%
Unknown God does stuff for 5 yen. Noragami
56%
Puppet man who is a bartender makes you play a game deciding if you get reborn or Hell Death parade
51%
Highschool with EVERYTHING so they can keep the students on campus at all times. The mc grew up in a white room. Classroom of the elite
46%
Male who is actually female breaks a vase which is how the whole show started. Ouran highschool host club/Ouran host school
46%
Male prostitute in the mafia and the final episode breaks us all. Banana fish
34%
Boy born with nothing goes on journeys with a little girl to get his limbs and senses back. Dororo
29%
Smart teenager with daddy issues and alot of siblings conquers the world. Code geass
24%
Little girl who wants to die teams up with a serial killer to escape a building. Angels of death
20%
Overpowerd vampire works for a lady who looks like a guy. Hellsing Ultimate/hellsing
19%
Prisoners escape for fun. Nanbaka
18%
Demon king gets reincarnated and goes to highschool being 3 moths old. The misfit of demon king academy
18%
Idiotic girl loves bananas Aho girl
17%
Guy who hasn't paid rent in months takes in 2 kids and a dog that do tasks for people for money. Gintama
14%
Gay vampire wants to get his family back from the humans. Owari no seraph/Seraph of the end
13%
Has highschool in the name but has nothing highschool related. God of highschool
12%
Guy gets ripped to get back at his (female) childhood bully Masamune kuns revenge
12%
Rich detective Balance unlimited/The millionare detective
7%
Clean freak until the last five minutes of a football match. Aoyama kun
1%
Mr. perfect foils his bully's plans and makes friends with them I am Sakamoto
1%
No matching quizzes found
Score Distribution
Percent of People with Each Score
Percentile by Number Answered
Your Score History
You have not taken this quiz